Relevo en la alcaldía / Juan Pi Saumell
Publicado:
San Jorge, núm. 75 (3r trimestre 1969), pàg. 38 :
MARC
| LEADER | 00000nam a2200000Ia 4500 | ||
|---|---|---|---|
| 001 | |||
| 008 | 160829s9999 xx 000 0 cat d | ||
| 100 | |a Pi i Saumell, Joan |9 29554 | ||
| 245 | |a Relevo en la alcaldía / Juan Pi Saumell | ||
| 260 | |a San Jorge, núm. 75 (3r trimestre 1969), pàg. 38 | ||
| 650 | |a Puiggarí Munné, Luis |9 40175 | ||
| 650 | |a Vilagut Llobet, José |9 40176 | ||
| 650 | |a Molins de Rei |x Política i govern |9 40177 | ||
| 650 | |a Alcaldes |x Catalunya |9 39262 | ||
| 901 | |a Arxiu | ||
| 942 | |n 1 | ||
| 952 | |0 0 |1 0 |4 0 |7 1 |9 49463 |a Arxiu |b Arxiu |d 2016-12-01 |l 0 |r 2016-12-01 00:00:00 |w 2016-12-01 |y ARXIU | ||
| 999 | |c 53305 |d 53305 | ||